Missing Word: '90s Nickelodeon Shows Quiz Stats

 Plays Quiz Updated Aug 28, 2017

     
Support Sporcle.
Go Orange.
Score 0/18 Timer 03:00
0 Plays Today
Shows Missing Word % Correct
Inspector ______Gadget
97.5%
Are You ______ of the Dark?Afraid
94.3%
______ Arnold!Hey
91.4%
Rocko's Modern ______Life
84.8%
The Ren and ______ ShowStimpy
83.7%
Kenan & ______Kel
76.9%
______ DareDouble
70.9%
______ ThatAll
65%
Clarissa ______ it AllExplains
59.9%
Shows Missing Word % Correct
Legends of the ______ TempleHidden
58.2%
Aah! ______ MonstersReal
55.7%
The Secret ______ of Alex MackWorld
51.3%
The Adventures of ______ & PetePete
50.2%
Salute Your ______Shorts
46.5%
______ and Crazy KidsWild
45.3%
______ it OutFigure
36.3%
Eureeka's ______Castle
31.5%
The ______ Files of Shelby WooMystery
19.6%

Today's Daily Dose

From the Vault

Human Bones by Any Three Letters

by aaditya08-08-05

Science 3m
We have 206 bones, but only 26 letters to use in describing them.
Remove Ads.
Support Sporcle.
Get the best of Sporcle when you Go Orange. This ad-free experience offers more features, more stats, and more fun while also helping to support Sporcle. Thank you for becoming a member.

Show Comments

Extras

Top Quizzes Today


Score Distribution

Your Account Isn't Verified!

In order to create a playlist on Sporcle, you need to verify the email address you used during registration. Go to your Sporcle Settings to finish the process.

Report this User

Report this user for behavior that violates our Community Guidelines.

Details: